000 00485ntaaa2200193 4500
003 01
005 20251027203238.0
008 0714s1973 ag 01
040 _aAR-BaBN
_bspa
_cAR-BaBN
_eaacr
_dRIC
082 _a268 G29
100 _aGeorge, Sherron K.
_934803
245 _aIgreja ensinadora /
_cSherron K. George
250 _a1ยช ed.
260 _aCampinas :
_bLuz Para o Caminho,
_c1993
300 _a160 p.
650 _aADUCACION
_934804
650 _aTEOLOGIA
942 _cBK
999 _c27882
_d27882